000 00624nam a22001817a 4500
999 _c62277
_d62277
005 20240912164540.0
008 240912s2024 enk||||| |||| 00| 0 eng d
020 _a9781032704159x
041 _aeng
080 _a342.5+351 P-97
245 _aPublic Administration Theory:
_bEvolution and Application /
_cEdoted by Staci M. Zavattaro.
264 _aLondon :
_bRoutledge,
_c2024.
300 _a105 p.;
_b26 cm.
653 _aსაჯარო მმართველობა
653 _aსამართალი
700 _aZavattaro, Staci M.
_eრედაქტორი
_923208
942 _2udc
_cᲬᲘᲒᲜᲘ